zpět

Detail výsledku týmu

U Lucerny ČT, Brno

Datum a čas kvízu

17 Celkem bodů Celkový počet nahraných bodů na tomto kvízu bez doplňovacích otázek.
11. Pořadí na kvízu Konečné umístění týmu na tomto kvízu.

Zaznamenané odpovědi

# Otázka Odpověď Body Výsledky
1. Ve středu jmenovala vláda Víta... GIBS (Generální inspekce bezpečnostních sborů) 0
2. Ve kterém evropském hlavním mě... v Kyjevě 0
3. 23 dní před letošním vyhlášení... Daniela Kolářová 0
4. Česká národní banka minulý týd... posílat peníze na telefonní číslo 1
5. Které dvě reprezentace se v ne... Německo a Srbsko 0
6. Podle některých statistik obýv... mamba 1
7. Mezi člověku velmi nebezpečná... A 1
8. Sloni afričtí každoročně zabij... Zoo Dvůr Králové a Zoo Zlín (Lešná) 0.5
9. Nebezpečným zvířetem, s nímž s... medvěd kodiak 0
10. Jedním z nejnebezpečnějších ve... 4 prsty 1